000 00439nam a2200169 a 4500
005 20140310183508.0
008 100918s19uu xx 00 eng d
020 _a1593100809
050 _aPZ 1
_b.G851 2004
100 _aGriffin, Pamela
245 _aRun fast my love /
_cPamela Griffin.
260 _aNew York :
_bHeartsong Presents,
_c2004.
300 _a170 p :
_c18 cm.
650 _aFiction
942 _cBK
_2lcc
999 _c24094
_d24094